The Sunday school movement. Studies in the growth and decline of Sunday schools. Edited by Stephen Orchard and John H. Y. Briggs. (Studies in Christian History and Thought.) Pp. xxvii+466. Milton Keynes: Paternoster, 2007. £19.99 (paper). 978 1 84227 363 0

Saved in:  
Bibliographic Details
Main Author: Brown, Callum G. (Author)
Format: Electronic Review
Language:English
Check availability: HBZ Gateway
Interlibrary Loan:Interlibrary Loan for the Fachinformationsdienste (Specialized Information Services in Germany)
Published: 2008
In: The journal of ecclesiastical history
Year: 2008, Volume: 59, Issue: 3, Pages: 580-581
Further subjects:B Book review
Online Access: Volltext (lizenzpflichtig)
Volltext (lizenzpflichtig)

MARC

LEADER 00000caa a22000002c 4500
001 1784669601
003 DE-627
005 20220106002752.0
007 cr uuu---uuuuu
008 220105s2008 xx |||||oo 00| ||eng c
024 7 |a 10.1017/S0022046908004764  |2 doi 
035 |a (DE-627)1784669601 
035 |a (DE-599)KXP1784669601 
040 |a DE-627  |b ger  |c DE-627  |e rda 
041 |a eng 
084 |a 1  |2 ssgn 
100 1 |a Brown, Callum G.  |e VerfasserIn  |4 aut 
245 1 4 |a The Sunday school movement. Studies in the growth and decline of Sunday schools. Edited by Stephen Orchard and John H. Y. Briggs. (Studies in Christian History and Thought.) Pp. xxvii+466. Milton Keynes: Paternoster, 2007. £19.99 (paper). 978 1 84227 363 0 
264 1 |c 2008 
336 |a Text  |b txt  |2 rdacontent 
337 |a Computermedien  |b c  |2 rdamedia 
338 |a Online-Ressource  |b cr  |2 rdacarrier 
601 |a Briggs, John 
601 |a Christian history 
601 |a Historie 
601 |a Milton Keynes 
655 7 |a Rezension  |0 (DE-588)4049712-4  |0 (DE-627)106186019  |0 (DE-576)209083166  |2 gnd-content 
773 0 8 |i Enthalten in  |t The journal of ecclesiastical history  |d London [u.a.] : Cambridge Univ. Press, 1950  |g 59(2008), 3, Seite 580-581  |h Online-Ressource  |w (DE-627)265785375  |w (DE-600)1466476-8  |w (DE-576)078707234  |x 1469-7637  |7 nnas 
773 1 8 |g volume:59  |g year:2008  |g number:3  |g pages:580-581 
856 4 0 |u https://doi.org/10.1017/S0022046908004764  |x Resolving-System  |z lizenzpflichtig  |3 Volltext  |7 1 
856 4 0 |u https://www.cambridge.org/core/journals/journal-of-ecclesiastical-history/article/sunday-school-movement-studies-in-the-growth-and-decline-of-sunday-schools-edited-by-stephen-orchard-and-john-h-y-briggs-studies-in-christian-history-and-thought-pp-xxvii466-milton-keynes-paternoster-2007-1999-paper-978-1-84227-363-0/A9373A11B166E957C80A5A309359DBBF  |x Verlag  |z lizenzpflichtig  |3 Volltext  |7 1 
935 |a mteo 
951 |a AR 
ELC |a 1 
ITA |a 1  |t 1 
LOK |0 000 xxxxxcx a22 zn 4500 
LOK |0 001 4029973949 
LOK |0 003 DE-627 
LOK |0 004 1784669601 
LOK |0 005 20220105043350 
LOK |0 008 220105||||||||||||||||ger||||||| 
LOK |0 035   |a (DE-Tue135)IxTheo#2021-12-29#E71AD439BCAD99CA8545F19B77A991226DCD1FCF 
LOK |0 040   |a DE-Tue135  |c DE-627  |d DE-Tue135 
LOK |0 092   |o n 
LOK |0 852   |a DE-Tue135 
LOK |0 852 1  |9 00 
LOK |0 935   |a ixzs  |a ixrk  |a zota 
LOK |0 939   |a 05-01-22  |b l01 
ORI |a SA-MARC-ixtheoa001.raw